| 000 | 00347nam a2200157Ia 4500 | ||
|---|---|---|---|
| 008 | 230312s9999||||xx |||||||||||||| ||und|| | ||
| 020 | _a817473239-x | ||
| 082 |
_a612.03 _bGUP-D |
||
| 100 | _aGupta ,L.C. | ||
| 245 | 0 | _aDictionary of Pharmacy | |
| 260 | _c2006 | ||
| 300 | _a334 | ||
| 546 | _aEng. | ||
| 650 |
_aPharmacy _vPharmacy |
||
| 942 | _cBK | ||
| 999 |
_c3675 _d3675 |
||